| 000 | 01136 a2200253 4500 | ||
|---|---|---|---|
| 001 | 41219 | ||
| 005 | 20260407155706.0 | ||
| 008 | 260407a2001 arg spa d | ||
| 003 | AR-UNSa-BCEJYS | ||
| 040 |
_aAR-UNSa-BCEJYS _bspa _cAR-UNSa-BCEJYS |
||
| 080 |
_a343.53 _xFraudes en el comercio y en la industria (Derecho Penal Económico) |
||
| 245 | 1 | 0 | _aPrevención del lavado de dinero en el sector financiero |
| 020 | _a950-894-331-9 | ||
| 264 | 1 |
_aBuenos Aires : _bAD-HOC _c2001 |
|
| 300 |
_a192 p. _c23 cm. |
||
| 505 | _a1. Introducción - 2. Qué es una estrategia regulatoria - 3. Los estándares internacionales - 4. Prevención y represión en el régimen argentino - 5. El impacto de las normas regulatorias en la actividad bancaria - 6. Regulación responsable en la prevención del lavado de dinero - 7. Conclusión | ||
| 041 | _aspa | ||
| 942 | _cBK | ||
| 590 | _aniveau_biblio:m niveau_hierar:0 | ||
| 100 | 1 | _aRodríguez Villar, Pacífico | |
| 700 | 1 | _aBermejo, Mateo Germán | |
| 700 | 1 | _aGil Lavedra, Ricardo | |
| 856 | 4 | 1 |
_uhttps://biblioeco.unsa.edu.ar/pmb/images/libros/L126451.jpg _yImagen de portada _qimage/jpeg |
| 999 |
_c3432 _d3432 |
||